000
00329nam a22001457a 4500
008
210305b ||||| |||| 00| 0 eng d
020
_a
0723409579
041
_a
eng
080
_2
616
_a
616
082
_2
616
100
_a
9
101
_a
PAT
245
_a
Infectious Diseases
_c
R.T.D Emond & H.A.K. Rowland
942
_2
udc
_c
BK
999
_c
55832
_d
55832